South park in five minutes - Statistics

General Stats
  • This quiz has been taken 625 times
  • The average score is 8 of 15
Answer Stats
Hint Answer % Correct
Main character Stan
99%
Smart and partly from New Jersey Kyle
97%
Immortal Kenny
96%
Pretends to be russian wrestler and teams up with Cthulu Cartman
95%
Buys movie store and takes the worlds biggest shit Randy
91%
The place to make amazing burgers. Butt
57%
Appears if you say his name 3 times in a mirror Biggy smalls
53%
Iron maiden Timmy
48%
Dresses up as a school girl at his halloween party Satan
45%
Defeats Cthulu ( his superhero name) Mintberry crunch
37%
Amazing singer in fourth grade Token
28%
A fast food place that is robbed and then the robbers hold kids hostage. Burger king
14%
Evil guy pokes out strawberry shortcakes eye Jason
14%
Head of imaginationland Aslan
13%
Head of assburgers Morpheus
4%
No matching quizzes found
Score Distribution
Percent of People with Each Score
Percentile by Number Answered
Your Score History
You have not taken this quiz